书目信息 |
| 题名: |
危险化学品经营
|
|
| 作者: | 胡永宁 , 马玉国 , 付林 编著 | |
| 分册: | ||
| 出版信息: | 北京 化学工业出版社 2005 |
|
| 页数: | 175页 | |
| 开本: | 24cm | |
| 丛书名: | 危险化学品安全丛书 | |
| 单 册: | ||
| 中图分类: | TQ086.5 | |
| 科图分类: | ||
| 主题词: | 化工产品--危险物品管理 , 化工产品 , 危险物品管理 | |
| 电子资源: | ||
| ISBN: | 7-5025-7441-7 | |
| 000 | 01033oam2 2200301 450 | |
| 001 | 012007405312 | |
| 005 | 20070517142448.67 | |
| 010 | @a7-5025-7441-7@dCNY25.00 | |
| 100 | @a20070427d2005 km y0chiy0120 ea | |
| 101 | 0 | @achi |
| 102 | @aCN@b110000 | |
| 105 | @ay z 000yy | |
| 106 | @ar | |
| 200 | 1 | @a危险化学品经营@Awei xian hua xue pin jing ying@f胡永宁,马玉国,付林编著@Fhu yong ning,ma yu guo,fu lin bian zhu |
| 210 | @a北京@c化学工业出版社@d2005 | |
| 215 | @a175页@d24cm | |
| 225 | 2 | @a危险化学品安全丛书 |
| 330 | @a本书主要介绍了危险化学品的基础知识,危险化学品经营企业应具备的基本条件,经营许可证的申领程序与相关要求,经营企业人员资质要求,危险化学品的储存条件、运输与包装要求等。 | |
| 461 | 0 | @12001 @a危险化学品安全丛书 |
| 606 | 0 | @a化工产品@x危险物品管理 |
| 606 | 0 | @a化工产品 |
| 606 | 0 | @a危险物品管理 |
| 690 | @aTQ086.5@v4 | |
| 701 | 0 | @a胡永宁@Ahu yong ning@4编著 |
| 701 | 0 | @a马玉国@Ama yu guo@4编著 |
| 701 | 0 | @a付林@Afu lin@4编著 |
| 801 | 0 | @aCN@bRULIN@c20070517 |
| 905 | @dTQ086.5@e120@s8 | |
| 危险化学品经营/胡永宁,马玉国,付林编著.-北京:化学工业出版社,2005 |
| 175页;24cm.-(危险化学品安全丛书) |
| ISBN 7-5025-7441-7:CNY25.00 |
| 本书主要介绍了危险化学品的基础知识,危险化学品经营企业应具备的基本条件,经营许可证的申领程序与相关要求,经营企业人员资质要求,危险化学品的储存条件、运输与包装要求等。 |
| ● |
| 相关链接 |
|
|
|
|
正题名:危险化学品经营
索取号:TQ086.5/120
 
预约/预借
| 序号 | 登录号 | 条形码 | 馆藏地/架位号 | 状态 | 备注 |
| 1 | 0574691 | 205746914 | 第二样本阅览室/ [索取号:TQ086.5/120] | 在馆 | |
| 2 | 0574692 | 205746923 | 密集书库/ [索取号:TQ086.5/120] | 在馆 | |
| 3 | 0574693 | 205746932 | 密集书库/ [索取号:TQ086.5/120] | 在馆 | |
| 4 | 0574694 | 205746941 | 第三借阅区/ [索取号:TQ086.5/120] | 在馆 | |
| 5 | 0574695 | 205746950 | 第三借阅区/ [索取号:TQ086.5/120] | 在馆 | |
| 6 | 0574696 | 205746969 | 密集书库/ [索取号:TQ086.5/120] | 在馆 | |
| 7 | 0574697 | 205746978 | 第三借阅区/ [索取号:TQ086.5/120] | 在馆 | |
| 8 | 0574698 | 205746987 | 密集书库/ [索取号:TQ086.5/120] | 在馆 |